LEADER 01035nam--2200349---450- 001 990002290590203316 005 20090305180002.0 035 $a000229059 035 $aUSA01000229059 035 $a(ALEPH)000229059USA01 035 $a000229059 100 $a20041221d1971----km-y0itay0103----ba 101 $aeng 102 $aGB 105 $a||||||||001yy 200 1 $a<> prediction of communist economic performance$fedited by P. J. D. Wiles 210 $aCambridge$cUniversity press$d1971 215 $aX, 390 p.$cill.$d21 cm 410 0$12001 454 1$12001 461 1$1001-------$12001 676 $a330.91717 702 1$aWILES,$bPeter John de la Fosse 801 0$aIT$bsalbc$gISBD 912 $a990002290590203316 951 $a330.917 PRE 1 (IEP VIII 369)$b10399 E.C.$cIEP VIII$d00203267 959 $aBK 969 $aECO 979 $aSIAV7$b10$c20041221$lUSA01$h1417 979 $aRSIAV4$b90$c20090305$lUSA01$h1800 996 $aPrediction of communist economic performance$91067957 997 $aUNISA LEADER 00844nam0-2200265 --450 001 9910473256003321 005 20210607122140.0 010 $a9780367473280 100 $a20210607d2021----kmuy0itay5050----ba 101 0 $aeng 200 1 $aSynthetic peptide vaccine models$edesign, synthesis, purification, and characterization$fedited by U?sku?dar University Assoc. Prof. Mesut Karahan 210 1$aBoca Raton :$cCRC Press,$d2021 215 $axix, 292 p.$d24 cm 610 0 $aVaccini sintetici 610 0 $aVaccini sub-unità 610 0 $aImmunologia 676 $a615.372 702 1$aKarahan,$bMesut$f<1977- > 801 0$aIT$bUNINA$gRICA$2UNIMARC 901 $aBK 912 $a9910473256003321 952 $a80 293/XIV D 53$bBFA293/2021$fFFABC 959 $aFFABC 996 $aSynthetic peptide vaccine models$91806617 997 $aUNINA LEADER 01879oam 2200553 450 001 9910708183503321 005 20151027141505.0 035 $a(CKB)3460000000113413 035 $a(OCoLC)652019039$z(OCoLC)652287727$z(OCoLC)805947072 035 $a(EXLCZ)993460000000113413 100 $a20100802d1998 ua 0 101 0 $aeng 135 $aurbn||||a|||| 181 $ctxt$2rdacontent 182 $cc$2rdamedia 183 $acr$2rdacarrier 200 10$aNational drug control policy $edrug interdiction efforts in Florida and the Caribbean : hearing before the Subcommittee on National Security, International Affairs, and Criminal Justice of the Committee on Government Reform and Oversight, House of Representatives, One Hundred Fifth Congress, first session, July 17, 1997 210 1$aWashington :$cU.S. Government Printing Office,$d1998. 215 $a1 online resource (iii, 140 pages) $cillustrations 300 $aTitle from title screen (viewed on Oct. 27, 2015). 300 $a"Serial no. 105-73." 517 $aNational drug control policy 606 $aDrug control$zCaribbean Area 606 $aDrug traffic$zCaribbean Area 606 $aDrug control$zFlorida 606 $aDrug traffic$zFlorida 606 $aDrug control$2fast 606 $aDrug traffic$2fast 607 $aCaribbean Area$2fast 607 $aFlorida$2fast 608 $aLegislative hearings.$2lcgft 615 0$aDrug control 615 0$aDrug traffic 615 0$aDrug control 615 0$aDrug traffic 615 7$aDrug control. 615 7$aDrug traffic. 801 0$bOCLCE 801 1$bOCLCE 801 2$bOCLCQ 801 2$bOCLCO 801 2$bOCLCQ 801 2$bOCLCF 801 2$bOCLCO 801 2$bGPO 906 $aBOOK 912 $a9910708183503321 996 $aNational drug control policy$93504072 997 $aUNINA